000 00374nam a2200169Ia 4500
100 _aMartin/Ken
650 _aIntegrated circuit
942 _cBK
366 _f20
654 _aintegrated circuit
245 _aDigital Integrated Circuit design
260 _bOxford
_aMumbai
_c2000
082 _a621.3815/MAR
_bMAR
300 _a543
546 _aENGLISH
999 _c34756
_d34756